000
00273nam a22001337a 4500
008
170303b xxu||||| |||| 00| 0 eng d
020
_a
9781590181034
041
_a
eng
080
_a
575
100
_a
6
101
_a
SHM
245
_a
GENETICS
_c
TAYLOR.R
942
_2
udc
_c
BK
999
_c
6772
_d
6772